000 00615nam a2200193Ia 4500
001 21672
003 GE_BSU
008 181216s||||||||xx |||||||||||||| ||und||
040 _cGE_BSU
245 _aეკონომიკა №7-8. 2017
245 _bმეცნიერება, პრაქტიკა, გამოცდილება.
245 _cმთ.რედ: რ.შენგელია
260 _aთბილისი
260 _c2017
300 _a215გვ. ; 20სმ.
653 _aეკონომიკა №7-8. 2017
653 _aპერიოდიკა
942 _cCR
999 _c54605
_d54605